| 000 | 00936nam0a22002771 4500 | ||
|---|---|---|---|
| 001 | rc\3824686 | ||
| 005 | 20120410182545.8 | ||
| 021 |
_aRU _b76-96425 |
||
| 021 |
_aRU _bРг3393-77 |
||
| 035 | _a(NLR Aleph) 007272646 | ||
| 090 |
_a5425811 _c5425811 |
||
| 100 | _a20120410d1976 |||y0rusy50 ca | ||
| 101 | 0 | _arus | |
| 102 |
_aRU _aRU |
||
| 105 | _aa z ||||| | ||
| 200 | 1 |
_aОсновы планировки городов _eУчеб. пособие _fМ-во высш. и сред. спец. образ. РСФСР. Рост. инж.-строит. ин-т |
|
| 210 |
_aРостов-на-Дону _cБ. и. _d1976 |
||
| 215 |
_a108 с. _cил. _d20 |
||
| 300 | _aАвт. указан на обл. | ||
| 320 | _aБиблиогр.: с. 107 | ||
| 700 | 1 |
_aЛюдмирская _bР. Г. _gРадда Георгиевна |
|
| 801 | 0 |
_aRU _bNLR _gpsbo |
|
| 801 | 1 |
_aRU _bELAR _2rusmarc |
|
| 852 |
_aNLR _j77-3/1746 |
||
| 942 | _cBOOK | ||
| 980 | _aNB | ||